| 000 | 00540nam a2200205Ia 4500 | ||
|---|---|---|---|
| 003 | OSt | ||
| 005 | 20220926041438.0 | ||
| 006 | a|||||r|||| 00| 0 | ||
| 007 | ta | ||
| 008 | 220923b |||||||| |||| 00| 0 eng d | ||
| 037 | _cGeneral Book | ||
| 040 |
_aRTL _cRTL _beng |
||
| 041 |
_2eng _aeng |
||
| 082 | _aX:71, M9/TD | ||
| 100 |
_aGOULD J P _9344891 |
||
| 245 | 0 | _aMicroeconomics theory, Ed.6 | |
| 700 |
_a LAZEAR E P _9286881 |
||
| 942 |
_hX:71, M9/TD _cGB _2CC |
||
| 999 |
_c667215 _d667215 |
||